№ 5 (133); Энергосбережение и водоподготовка

Xehetasun bibliografikoak
Parent link:Энергосбережение и водоподготовка: научно-технический журнал/ ООО "ЭНИВ". № 5 (133).— , 2006-2017, 2020-
Gaia:Режим доступа: по договору с организацией-держателем ресурса
Hizkuntza:errusiera
Argitaratua: 2021
Sarrera elektronikoa:https://elibrary.ru/contents.asp?id=47182839
Formatua: MixedMaterials Baliabide elektronikoa Liburua
KOHA link:https://koha.lib.tpu.ru/cgi-bin/koha/opac-detail.pl?biblionumber=586783

MARC

LEADER 00000nam2a2200000 4500
001 586783
005 20231101131422.0
035 |a (RuTPU)RU\TPU\prd\289373 
035 |a RU\TPU\prd\289248 
090 |a 586783 
100 |a 20211129a20069999km y0rusy50 ca 
101 0 |a rus 
102 |a RU 
200 0 |a № 5 (133) 
210 |d 2021 
333 |a Режим доступа: по договору с организацией-держателем ресурса 
461 1 |0 (RuTPU)RU\TPU\prd\42014  |t Энергосбережение и водоподготовка  |o научно-технический журнал  |f ООО "ЭНИВ"  |v № 5 (133)  |d 2006-2017, 2020- 
801 0 |a RU  |b 63413507  |c 20010227  |g PSBO 
801 1 |a RU  |b 63413507  |c 20170823 
801 2 |a RU  |b 63413507  |c 20211129  |g RCR 
856 4 0 |u https://elibrary.ru/contents.asp?id=47182839 
942 |c BK